| 000 | 00501nam a22001817a 4500 | ||
|---|---|---|---|
| 003 | OSt | ||
| 005 | 20140310181754.0 | ||
| 008 | 130628t xxu||||| |||| 00| 0 eng d | ||
| 020 | _a9789719201885 | ||
| 050 |
_aHQ 1233 _b.L837 1995 |
||
| 082 |
_aFIL 899.2114 _bT239 1995 |
||
| 245 |
_aFlorante at Laura ni Balagtas / _cEmerlinda G. Cruz. |
||
| 260 |
_aQuezon City : _bC & E Publishing, Inc., _c2008 |
||
| 300 |
_ax, 232 p. ; _c25 cm. |
||
| 541 | _j1 | ||
| 562 | _e1 | ||
| 942 |
_2lcc _cBK-FIL _kFIL |
||
| 999 |
_c3362 _d3362 |
||